The Gospels as historical documents

-д хадгалсан:
Номзүйн дэлгэрэнгүй
Үндсэн зохиолч: Stanton, Vincent Henry (Зохиогч)
Формат: Ном
Хэл сонгох:англи
Хэвлэсэн: Cambridge cambridge University Press 1903
Хэвлэл:1a. ed
Нөхцлүүд:
Шошгууд: Шошго нэмэх
Шошго байхгүй, Энэхүү баримтыг шошголох эхний хүн болох!

MARC

LEADER 00000cam a2200000 a 4500
001 UCD2302
003 CL-VaPUC
008 160421e19030000uk |||||||||||||||||eng|d
082 0 4 |a 226  |b STA  |2 21 
100 0 |a Stanton, Vincent Henry  |e author  |9 585622 
245 1 4 |a The Gospels as historical documents 
250 |a 1a. ed 
300 |a v 
942 |c BK 
945 |d 20160421 23:07:00  |a dcastane 
260 |a Cambridge  |b cambridge University Press  |c 1903 
500 |a v.1: the early use of the Gospels 
500 |a v.2: the synoptic Gospels 
650 0 |a Evangelios  |9 314864 
650 0 |a Nuevo testamento  |9 257604 
583 |a last modification  |c 20160421 23:07:00  |k Rodrigo Vera 
999 |c 363465  |d 363463 
952 |0 0  |1 0  |3 erd  |4 0  |6 226_000000000000000_STA_1903  |7 0  |8 X  |9 475893  |a BIBTEO  |b BIBTEO  |c TEO_FFR  |h v.1  |i 5226791  |o 226 STA 1903  |p 5226791  |r 2024-01-18  |w 2019-11-24  |y BK_X  |z Catalogado en:20160421  |k OFM 
952 |0 0  |1 0  |3 erd  |4 0  |6 226_000000000000000_STA_1903  |7 0  |8 X  |9 475894  |a BIBTEO  |b BIBTEO  |c TEO_FFR  |h v.2  |i 5226805  |o 226 STA 1903  |p 5226805  |r 2024-01-18  |w 2019-11-24  |y BK_X  |z Catalogado en:20160421  |k OFM